О структуре количества информации в совместной задаче фильтрации и интерполяции по наблюдениям с памятью. Общий случай; Известия Томского политехнического университета [Известия ТПУ]; Т. 307, № 3

Manylion Llyfryddiaeth
Parent link:Известия Томского политехнического университета [Известия ТПУ]/ Томский политехнический университет (ТПУ).— , 2000-
Т. 307, № 3.— 2004.— [С. 13-17]
Prif Awdur: Демин Н. С. Николай Серапионович
Awduron Eraill: Рожкова С. В. Светлана Владимировна
Crynodeb:Заглавие с титульного листа
Электронная версия печатной публикации
Рассматривается проблема нахождения количества информации по Шеннону в совместной задаче фильтрации и интерполяции стохастических процессов по непрерывно-дискретным наблюдениям с памятью. Получены соотношения, определяющие эволюцию во времени шенноновских мер количества информации в форме разложений, в которых в явном виде выделены количество информации для раздельных задач фильтрации и интерполяции.
Iaith:Rwseg
Cyhoeddwyd: 2004
Cyfres:Естественные науки
Pynciau:
Mynediad Ar-lein:http://www.lib.tpu.ru/fulltext/v/Bulletin_TPU/2004/v307/i3/03.pdf
Fformat: Electronig Pennod Llyfr
KOHA link:https://koha.lib.tpu.ru/cgi-bin/koha/opac-detail.pl?biblionumber=169064

MARC

LEADER 00000nla2a2200000 4500
001 169064
005 20231226112326.0
035 |a (RuTPU)RU\TPU\book\183400 
035 |a RU\TPU\book\183392 
090 |a 169064 
100 |a 20091106d2004 k y0rusy50 ca 
101 0 |a rus 
102 |a RU 
135 |a drnn ---uucaa 
181 0 |a i  
182 0 |a b 
200 1 |a О структуре количества информации в совместной задаче фильтрации и интерполяции по наблюдениям с памятью. Общий случай  |f Н. С. Демин, С. В. Рожкова 
203 |a Текст  |c электронный 
215 |a 1 файл (379 Кб) 
225 1 |a Естественные науки 
300 |a Заглавие с титульного листа 
300 |a Электронная версия печатной публикации 
320 |a [Библиогр.: с. 16-17 (20 назв.)] 
330 |a Рассматривается проблема нахождения количества информации по Шеннону в совместной задаче фильтрации и интерполяции стохастических процессов по непрерывно-дискретным наблюдениям с памятью. Получены соотношения, определяющие эволюцию во времени шенноновских мер количества информации в форме разложений, в которых в явном виде выделены количество информации для раздельных задач фильтрации и интерполяции. 
337 |a Adobe Reader 
461 1 |0 (RuTPU)RU\TPU\book\176237  |t Известия Томского политехнического университета [Известия ТПУ]  |f Томский политехнический университет (ТПУ)  |d 2000- 
463 1 |0 (RuTPU)RU\TPU\book\183391  |t Т. 307, № 3  |v [С. 13-17]  |d 2004  |p 191 с. 
600 1 |a Шеннон  |b К. Э.  |c американский инженер и математик  |f 1916-2001  |g Клод Элвуд  |2 stltpush  |3 (RuTPU)RU\TPU\pers\9027  |9 1724 
610 1 |a структуры 
610 1 |a информация 
610 1 |a фильтрация 
610 1 |a интерполяция 
610 1 |a память 
610 1 |a совместные задачи 
610 1 |a стохастические процессы 
610 1 |a непрерывно-дискретные наблюдения 
610 1 |a соотношения 
610 1 |a эволюция 
610 1 |a шенноновская мера 
610 1 |a разложения 
610 1 |a раздельные задачи 
610 1 |a труды учёных ТПУ 
610 1 |a электронный ресурс 
700 1 |a Демин  |b Н. С.  |g Николай Серапионович 
701 1 |a Рожкова  |b С. В.  |c математик  |c профессор Томского политехнического университета, доктор физико-математических наук  |f 1971-  |g Светлана Владимировна  |3 (RuTPU)RU\TPU\pers\25740  |9 11642 
801 1 |a RU  |b 63413507  |c 20090623  |g PSBO 
801 2 |a RU  |b 63413507  |c 20210601  |g PSBO 
856 4 |u http://www.lib.tpu.ru/fulltext/v/Bulletin_TPU/2004/v307/i3/03.pdf 
942 |c CF